O kompleksnom podchode k sopostaviteľnomu opisaniju tak nazyvajemych proizvodnych sintaksičeskich struktur

Bibliographic Details
Main Author: Blažek, Rudolf (Author)
Format: Article
Language:Russian

MARC

LEADER 00000nab a2200000uu 4500
001 vtls011145327
003 SK-MaSNL
005 20260303145759.0
008 230222|1995 xo |||||||||||||||||rus|
015 |a SNBRB 
035 |a (urnnbn)urn:nbn:sk:snk:ar-008iux 
035 |a (uuid)55e96af7-ffd8-4c74-9a3a-f339a7067e0d 
035 |a urn:nbn:sk:snk-abaw5c 
040 |a SNKBUCL  |b slo  |c SNKBUCL  |e AACR2 
041 0 |a rus 
044 |a xo  |c SK 
100 1 |a Blažek, Rudolf  |4 aut  |9 1168584 
245 1 0 |a O kompleksnom podchode k sopostaviteľnomu opisaniju tak nazyvajemych proizvodnych sintaksičeskich struktur  |c Rudolf Blažek 
773 0 |t Zborník Filozofickej fakulty Univerzity Komenského  |g Roč. 44, č. 1 (1995), s. 25-33 
958 |a OND 
958 |a EUIPO 
958 |a article14 
999 |c 2005162  |d 2007092